[Event "AUTO-OPEN-2578"]
[Site "http://www.queenalice.com/game.php?id=1020766"]
[Date "2012.1.30"]
[Round "1"]
[White "elisangela"]
[Black "msbasso01"]
[Result "1-0"]
[WhiteElo "1836"]
[BlackElo "2062"]

1. e3 d5 2. h3 e5 3. a3 Nc6 4. b4 a6 5. b5 axb5 6. Bxb5 Bd7 7. Bb2 f6 8. Ne2 Bc5
9. d4 exd4 10. Bxc6 Bxc6 11. Bxd4 Bd6 12. Nbc3 Rxa3 13. Rxa3 Bxa3 14. Nf4 Ne7
15. Ne6 Qd6 16. Nxg7+ Kd8 17. Nh5 Rf8 18. Qd3 f5 19. O-O b6 20. Ra1 Bc5 21. Nb5
Bxb5 22. Ra8+ Nc8 23. Qxb5 Bxd4 24. exd4 Ke7 25. Qe2+ Qe6 26. Qxe6+ Kxe6 27.
Nf4+ Kd6 28. Nh5 c6 29. Nf4 Kd7 30. Rb8 Kc7 31. Ne6+ Kxb8 32. Nxf8 h6 33. f4 Nd6
34. Kf2 Ne4+ 35. Ke3 Kc7 36. Ne6+ Kd6 37. Ng7 c5 38. Nxf5+ Ke6 39. Nxh6 c4 40.
Ng4 b5 41. Nf2 Ng3 42. Nd1 Nf5+ 43. Kd2 Nxd4 44. Ne3 Nf5 45. g4 Nd6 46. Kc3 Ne4+
47. Kd4 Kd6 48. Nf5+ Kc6 49. Ne7+ Kd6 50. Nxd5 Nf2 51. Nc3 Kc6 52. f5 Nxh3 53.
Ne4 Nf4 54. f6 Ne6+ 55. Ke5 Kd7 56. Nd6 Nc7 57. g5 c3 58. g6 b4 59. g7 b3 60.
cxb3 c2 61. g8=Q c1=Q 62. Qf7+ Kc6 63. Qc4+ 1-0

[Event "AUTO-OPEN-2578"]
[Site "http://www.queenalice.com/game.php?id=1020767"]
[Date "2012.1.30"]
[Round "1"]
[White "msbasso01"]
[Black "elisangela"]
[Result "1/2-1/2"]
[WhiteElo "2037"]
[BlackElo "1861"]

1. e4 e6 2. d4 a6 3. Nf3 h6 4. Bc4 b5 5. Bb3 Bb7 6. Nbd2 a5 7. c3 a4 8. Bc2 g5
9. h3 c6 10. Nf1 d5 11. Ng3 dxe4 12. Bxe4 Nd7 13. Bd2 Ngf6 14. Qc2 Qc7 15. Bd3
Bd6 16. Ne4 Nxe4 17. Bxe4 f5 18. Bd3 O-O-O 19. O-O-O Qb6 20. Rhe1 Rde8 21. Re2
c5 22. dxc5 Bxc5 23. Be3 Bxf3 24. gxf3 f4 25. Bxc5 Nxc5 26. Be4 Rhf8 27. Red2
Rd8 28. Rxd8+ Rxd8 29. Rd2 Nxe4 30. Rxd8+ Kxd8 31. fxe4 e5 32. Qd2+ Ke7 33. Kc2
Qe6 34. b3 axb3+ 35. axb3 Qxh3 36. Qd5 Qe6 37. Qxb5 h5 38. Qc5+ Kf6 39. Qf8+ Qf7
40. Qh6+ Qg6 41. Qf8+ Qf7 42. Qh8+ Ke6 43. Qc8+ Ke7 44. Qc7+ Kf6 45. Qd8+ Kg6
46. Qd6+ Qf6 47. Qd7 h4 48. Qe8+ Kh6 49. Qd7 f3 50. c4 Qg6 51. Qg4 Qf6 52. Kd3
Qf4 53. Qe6+ Kh5 54. Qe8+ Kg4 55. Qe6+ Kh5 56. Qe8+ Kg4 57. Qe6+ Kh5 1/2-1/2

[Event "AUTO-OPEN-2578"]
[Site "http://www.queenalice.com/game.php?id=1020796"]
[Date "2012.1.30"]
[Round "1"]
[White "msbasso01"]
[Black "Gabriel_HD"]
[Result "1-0"]
[WhiteElo "2091"]
[BlackElo "1846"]

1. e4 e5 2. Nf3 Nc6 3. Bc4 Bb4 4. O-O Qf6 5. d3 Qg6 6. c3 Bc5 7. Be3 Bxe3 8.
fxe3 Nf6 9. Nbd2 d6 10. Qe1 Bh3 11. Qf2 Rd8 12. Nh4 Qg5 13. Ndf3 Qg4 14. Kh1
Bxg2+ 15. Qxg2 Qh5 16. Qxg7 Rg8 17. Qxf6 Ne7 18. Rg1 Rf8 19. Rg5 Ng8 20. Qf5 Nh6
21. Qxh7 Qxg5 22. Nxg5 Rd7 23. Qxh6 c6 24. Nf5 d5 25. exd5 cxd5 26. Bb5 Kd8 27.
Bxd7 Kxd7 28. Qd6+ 1-0

[Event "AUTO-OPEN-2578"]
[Site "http://www.queenalice.com/game.php?id=1020797"]
[Date "2012.1.30"]
[Round "1"]
[White "Gabriel_HD"]
[Black "msbasso01"]
[Result "1-0"]
[WhiteElo "1860"]
[BlackElo "2097"]

1. e4 c6 2. d4 d5 3. e5 Bf5 4. Nf3 e6 5. a3 Nd7 6. Nc3 Ne7 7. Bg5 Qb6 8. Na4
Qa5+ 9. Nc3 c5 10. dxc5 Qxc5 11. Bb5 Nc6 12. Bxc6 Qxc6 13. O-O h6 14. Bh4 Bc5
15. Qe2 O-O 16. Rad1 a6 17. Nd4 Bxd4 18. Rxd4 Rac8 19. h3 Qc7 20. Re1 Nb6 21.
Rb4 Nc4 22. Nd1 Qc6 23. b3 Nxa3 24. Ne3 Bg6 25. Rg4 Bh5 26. Rxg7+ Kxg7 27. Qxh5
Rg8 28. Ng4 Rh8 29. Bf6+ Kg8 30. Nxh6+ Kf8 31. Qxf7# 1-0

[Event "AUTO-MASTER-1565"]
[Site "http://www.queenalice.com/game.php?id=1020930"]
[Date "2012.1.30"]
[Round "1"]
[White "luiz_antonio"]
[Black "msbasso01"]
[Result "0-1"]
[WhiteElo "1873"]
[BlackElo "2053"]

1. e4 c6 2. Bc4 d5 3. exd5 cxd5 4. Bb3 Nc6 5. d4 Nf6 6. f3 Bf5 7. Na3 e6 8. Nb5
a6 9. Nc3 Bb4 10. Ne2 Qb6 11. h4 h6 12. g4 Bg6 13. a3 Bd6 14. Na4 Qc7 15. h5 Bh7
16. g5 hxg5 17. Bxg5 Nd7 18. Qd2 Nb6 19. Nxb6 Qxb6 20. Qe3 Bf5 21. O-O-O Ne7 22.
f4 O-O-O 23. h6 gxh6 24. Rxh6 Rxh6 25. Bxh6 Rh8 26. Bg5 Ng6 27. Rf1 Rh3 28. Ng3
Qc7 29. Rf3 Bg4 30. Rf2 a5 31. c3 Be7 32. Bxe7 Nxe7 33. Bc2 Bf5 34. Rf3 Bg4 35.
Rf2 Nf5 36. Bxf5 Bxf5 37. Qf3 Qe7 38. Qg2 Bg4 39. Nf1 Qh4 40. Nh2 Rg3 41. Qh1
Bf5 42. Qe1 Rh3 43. Nf3 Qxf4+ 44. Nd2 Qg5 45. Kd1 Qg4+ 46. Kc1 Qh4 47. c4 dxc4
48. Nxc4 Qxd4 49. Nd2 Qc5+ 50. Kd1 Qc2+ 0-1

[Event "AUTO-MASTER-1565"]
[Site "http://www.queenalice.com/game.php?id=1020931"]
[Date "2012.1.30"]
[Round "1"]
[White "msbasso01"]
[Black "luiz_antonio"]
[Result "1/2-1/2"]
[WhiteElo "2030"]
[BlackElo "1781"]

1. e4 e5 2. Nf3 Qf6 3. Bc4 c6 4. d3 h6 5. Nc3 a5 6. a3 b5 7. Ba2 b4 8. axb4 axb4
9. Ne2 d6 10. h3 Be6 11. c4 bxc3 12. Nxc3 Bxa2 13. Rxa2 Rxa2 14. Nxa2 Qd8 15.
Qa4 Nf6 16. Nb4 Qc8 17. O-O Be7 18. Bd2 O-O 19. Ra1 d5 20. exd5 e4 21. dxe4 c5
22. e5 Ne4 23. Nd3 Qf5 24. Qc4 Nd7 25. Bf4 g5 26. Bh2 Nb6 27. Qa2 Ra8 28. Qb1
Rxa1 29. Qxa1 c4 30. d6 Bd8 31. Nb4 Qc8 32. Qc1 Qc5 33. Na2 Nxf2 34. Kf1 Nd5 35.
Bg1 Bb6 36. Nc3 Ne3+ 37. Kxf2 Nf5+ 38. Ke2 Ng3+ 39. Ke1 Qa5 40. Bd4 Bxd4 41.
Nxd4 Qxe5+ 42. Nde2 Qxd6 43. Qe3 Nf5 44. Qe4 Nh4 45. g3 Ng6 46. Qd5 Qa6 47. Qd8+
Kh7 48. Qd1 Ne5 49. b3 cxb3 50. Qxb3 Qa1+ 51. Qb1+ Nd3+ 52. Kd2 Qxb1 53. Nxb1
Nf2 54. Ng1 Ne4+ 55. Ke3 Nxg3 56. Nc3 Nh5 57. Nd5 Kg6 58. Kf3 f5 59. Ne2 g4+ 60.
Kg2 gxh3+ 61. Kxh3 Kg5 62. Ne3 Nf4+ 63. Nxf4 Kxf4 64. Ng2+ Kg5 65. Ne3 f4 66.
Ng4 h5 67. Nf2 h4 68. Kg2 Kh5 69. Kf3 Kg5 70. Nh3+ Kf5 1/2-1/2

[Event "AUTO-MASTER-1565"]
[Site "http://www.queenalice.com/game.php?id=1020946"]
[Date "2012.1.30"]
[Round "1"]
[White "msbasso01"]
[Black "RafmasterX"]
[Result "0-1"]
[WhiteElo "2114"]
[BlackElo "2146"]

1. e4 c5 2. Nf3 d6 3. d4 cxd4 4. Nxd4 Nf6 5. Nc3 Nc6 6. Bg5 Nxd4 7. Qxd4 Bd7 8.
Bc4 Qa5 9. O-O Qxg5 10. f4 Qc5 0-1

[Event "AUTO-MASTER-1565"]
[Site "http://www.queenalice.com/game.php?id=1020947"]
[Date "2012.1.30"]
[Round "1"]
[White "RafmasterX"]
[Black "msbasso01"]
[Result "1-0"]
[WhiteElo "2163"]
[BlackElo "2103"]

1. c4 e5 2. g3 Nf6 3. Bg2 Nc6 4. Nc3 Bc5 5. d3 h6 6. e3 O-O 7. Nge2 a6 8. O-O d6
9. h3 Bf5 10. e4 Bg6 11. Kh2 Qe7 12. a3 Nd7 13. Nd5 Nf6 14. Nxe7+ 1-0

[Event "AUTO-MASTER-1565"]
[Site "http://www.queenalice.com/game.php?id=1020948"]
[Date "2012.1.30"]
[Round "1"]
[White "msbasso01"]
[Black "trompmaster"]
[Result "0-1"]
[WhiteElo "2072"]
[BlackElo "2208"]

1. e4 e6 2. d4 d5 3. Nd2 Nf6 4. exd5 exd5 5. Ngf3 Be7 6. Bb5+ c6 7. Ba4 O-O 8.
c3 Qc7 9. O-O Bf5 10. Re1 Bd6 11. h3 Nbd7 12. Nf1 Rae8 13. Bg5 h6 14. Bh4 Rxe1
15. Nxe1 Ne4 16. Bc2 g5 17. Bxe4 Bxe4 18. Bg3 Bxg3 19. Nxg3 Bg6 20. Nf3 f5 21.
Qd2 f4 22. Nf1 Be4 23. N1h2 Qd6 24. Re1 Rf5 25. Qd1 Rf8 26. Nd2 Bg6 27. Ng4 Bh5
28. f3 Bxg4 29. fxg4 Kf7 30. Nf3 Re8 31. Rxe8 Kxe8 32. Qd3 Qe6 33. Kf2 Kd8 34.
a3 Kc8 35. Qh7 a6 36. Qh8+ Kc7 37. Qg7 Kb6 38. Qh7 Qe3+ 39. Kf1 Nf6 40. Qc2 Ne4
41. Qb3+ Ka7 0-1

[Event "AUTO-MASTER-1565"]
[Site "http://www.queenalice.com/game.php?id=1020949"]
[Date "2012.1.30"]
[Round "1"]
[White "trompmaster"]
[Black "msbasso01"]
[Result "1-0"]
[WhiteElo "2253"]
[BlackElo "2061"]

1. d4 Nf6 2. Nf3 d5 3. e3 c6 4. Bd3 Bg4 5. Nbd2 e6 6. h3 Bh5 7. g4 Bg6 8. Qe2
Bb4 9. c3 Ba5 10. Ne5 Nbd7 11. Nxg6 hxg6 12. f3 Qe7 13. Nf1 Qd6 14. Bd2 c5 15.
O-O-O cxd4 16. exd4 O-O-O 17. Kb1 Kb8 18. Be1 Ka8 19. Bg3 Qc6 20. Bb5 Qc8 21.
Rc1 a6 22. Bd3 Bc7 23. Be5 Nxe5 24. dxe5 Nd7 25. f4 Nc5 26. Bc2 Bb6 27. Ng3 Qc6
28. Rcd1 Rd7 29. Qg2 Rhd8 30. Ne2 Qc7 31. Nd4 Re7 32. g5 Nd7 33. h4 Ree8 34. Rh3
Rh8 35. Rdh1 Rc8 36. h5 gxh5 37. Rxh5 Qb8 38. R1h3 g6 39. Rh7 Rcf8 40. Qh2 Rxh7
41. Rxh7 Nc5 42. Qh1 Qc8 43. Rh3 Rg8 44. Rh7 Qf8 45. Qh3 Qe8 46. Qe3 Nd7 47. Ba4
Rf8 48. f5 gxf5 49. g6 Bxd4 50. Qxd4 b5 51. Bb3 fxg6 52. Bxd5+ exd5 53. Qxd5+
Kb8 54. Rxd7 Qc8 55. Qd6+ Ka8 56. Rc7 1-0

[Event "AUTO-OPEN-2695"]
[Site "http://www.queenalice.com/game.php?id=1063773"]
[Date "2012.5.25"]
[Round "1"]
[White "msbasso01"]
[Black "pomar"]
[Result "0-1"]
[WhiteElo "1957"]
[BlackElo "1995"]

1. e4 e6 2. d4 d5 3. Nd2 c5 4. exd5 exd5 5. Ngf3 Nc6 6. dxc5 Bxc5 7. Nb3 Bb6 8.
Be2 Nge7 9. O-O O-O 10. Bg5 f6 11. Bf4 Ng6 12. Bg3 Be6 13. c3 Qe8 14. Re1 Qd7
15. Nfd4 Nxd4 16. Nxd4 Bxd4 17. Qxd4 a6 18. Bh5 Ne7 19. Re3 Nf5 20. Qd3 Nxe3 21.
Qxe3 Bg4 22. Bxg4 Qxg4 23. h3 Qd7 24. Qd4 Qc6 25. Rd1 Rad8 26. a3 Rfe8 27. Kh2
Re4 28. Qd3 Qc4 29. Qc2 Re2 30. Qc1 Rde8 31. Rd4 Qa2 32. Rd2 Rxd2 33. Qxd2 Qc4
34. Qd1 Rd8 35. Qe1 Kf7 36. Qb1 Qb3 37. f3 Re8 38. Qc1 Re2 39. Qd1 Qxd1 0-1

[Event "AUTO-OPEN-2695"]
[Site "http://www.queenalice.com/game.php?id=1063774"]
[Date "2012.5.25"]
[Round "1"]
[White "pomar"]
[Black "msbasso01"]
[Result "1-0"]
[WhiteElo "2009"]
[BlackElo "1943"]

1. f3 d5 2. Kf2 e5 3. e3 Bc5 4. c4 d4 5. Qb3 Nf6 6. Qb5+ Nbd7 7. b4 c6 8. Qa4
dxe3+ 9. dxe3 Nb6 10. Qb3 Be7 11. c5 Be6 12. Qc2 Nbd5 13. a3 O-O 14. Bb2 Qc7 15.
Bd3 h6 16. Nc3 Rfd8 17. Nge2 Nxc3 18. Qxc3 Rac8 19. Rhd1 Nd7 20. f4 Bf6 21. Qc2
exf4 22. Nxf4 Bxb2 23. Qxb2 Nf8 24. Kg1 Rd7 25. Nh5 f6 26. Nf4 Bf7 27. Qc2 Rcd8
28. Bf5 Rxd1+ 29. Rxd1 Rxd1+ 30. Qxd1 Qe7 31. Qd3 a6 32. g3 Kh8 33. Kf2 Qc7 34.
Qd6 Qxd6 35. cxd6 Be8 36. e4 Nd7 37. Ng6+ Kg8 38. Be6+ Kh7 39. Bxd7 1-0

[Event "AUTO-OPEN-2695"]
[Site "http://www.queenalice.com/game.php?id=1063775"]
[Date "2012.5.25"]
[Round "1"]
[White "msbasso01"]
[Black "jtomasia"]
[Result "0-1"]
[WhiteElo "2007"]
[BlackElo "2037"]

1. e4 e5 2. Nf3 Nc6 3. Bc4 Be7 4. Nc3 Nf6 5. d3 O-O 6. O-O d6 7. h3 Be6 8. Bb5
Nd7 9. Bd2 f5 10. exf5 Rxf5 11. Ne4 d5 12. Ng3 Rf8 13. Qe2 Bf6 14. Rab1 a6 15.
Ba4 b5 16. Bb3 Nc5 17. Be3 Nxb3 18. axb3 Qe7 19. Rfe1 Rfe8 20. Qd2 Kh8 21. Nh5
Qf7 22. Nxf6 gxf6 23. Kh1 Rg8 24. Rg1 d4 25. Bh6 Qh5 26. Qc1 Bxh3 27. gxh3 Qxf3+
28. Kh2 Qxf2+ 29. Kh1 Qh4 30. Kh2 Rxg1 31. Kxg1 Rg8+ 32. Kh2 Qg3+ 0-1

[Event "AUTO-OPEN-2695"]
[Site "http://www.queenalice.com/game.php?id=1063776"]
[Date "2012.5.25"]
[Round "1"]
[White "jtomasia"]
[Black "msbasso01"]
[Result "1-0"]
[WhiteElo "2127"]
[BlackElo "1967"]

1. e4 c6 2. d4 d5 3. Nc3 dxe4 4. Nxe4 Nf6 5. Nxf6+ exf6 6. Nf3 Bd6 7. Bc4 O-O 8.
O-O Bf5 9. Be3 Nd7 10. Bb3 Re8 11. Nh4 Be6 12. c3 f5 13. g3 Nf6 14. Qc2 Bxb3 15.
Qxb3 b6 16. Nxf5 Bc7 17. Qc2 Qd7 18. Rfe1 g6 19. Nh4 Ng4 20. Ng2 Re6 21. Nf4
Nxe3 22. fxe3 Rae8 23. Nxe6 Rxe6 24. e4 Qd6 25. Rf1 h5 26. Rf3 Bb8 27. Raf1 Re7
28. Rf6 Qd7 29. e5 Qe8 30. e6 Rxe6 31. Rxf7 Qxf7 32. Rxf7 Kxf7 33. a4 Bd6 34. a5
b5 35. Qg2 Bc7 36. d5 cxd5 37. Qxd5 a6 38. Qb7 Re7 39. Qxa6 Rd7 40. Qxb5 Rd1+
41. Kf2 Rd2+ 42. Ke3 Rd6 43. a6 1-0

[Event "AUTO-OPEN-2695"]
[Site "http://www.queenalice.com/game.php?id=1063777"]
[Date "2012.5.25"]
[Round "1"]
[White "msbasso01"]
[Black "gaspard"]
[Result "0-1"]
[WhiteElo "1974"]
[BlackElo "2196"]

1. e4 Nc6 2. d4 d5 3. Nd2 dxe4 4. c3 f5 5. Bb5 Nf6 6. Nb3 a5 7. Bg5 e6 8. Ne2
Bd6 9. h3 O-O 10. Bc4 a4 11. Nd2 Qe8 12. O-O Ne7 13. Re1 h6 14. Bh4 g5 15. Bg3
b5 16. Bxe6+ Bxe6 17. Bxd6 cxd6 18. Nf1 f4 19. Nh2 Qd7 20. Qc2 Bf5 21. Qd1 Ned5
22. Kh1 f3 23. gxf3 exf3 24. Nxf3 Ne4 25. Kg1 Bg4 26. Kh2 Rxf3 27. Qc2 Rxh3+ 28.
Kg2 Bf3+ 0-1

[Event "AUTO-OPEN-2695"]
[Site "http://www.queenalice.com/game.php?id=1063778"]
[Date "2012.5.25"]
[Round "1"]
[White "gaspard"]
[Black "msbasso01"]
[Result "1-0"]
[WhiteElo "2207"]
[BlackElo "1930"]

1. e4 c6 2. Nc3 d5 3. Qf3 dxe4 4. Nxe4 Nf6 5. Bc4 Nbd7 6. Nxf6+ Nxf6 7. Ne2 g6
8. Qb3 e6 9. d4 Bg7 10. O-O O-O 11. Bf4 Nd5 12. Be5 Qe7 13. Rfe1 b6 14. Qg3 Bb7
15. Bd6 Qd7 16. Bxf8 Rxf8 17. c3 Rd8 18. Bxd5 Qxd5 19. Qc7 Rd7 20. Qb8+ Bf8 21.
Nf4 Qg5 22. Rad1 Ba6 23. Rxe6 fxe6 24. Qxf8+ Kxf8 25. Nxe6+ Kg8 26. Nxg5 Re7 27.
Nf3 Re2 28. Rd2 Re4 29. g3 Kg7 30. Ne5 Bb7 31. Kf1 Kf6 32. f3 Re3 33. Kf2 1-0

[Event "AUTO-MASTER-1660"]
[Site "http://www.queenalice.com/game.php?id=1064013"]
[Date "2012.5.25"]
[Round "1"]
[White "luciopac"]
[Black "msbasso01"]
[Result "1-0"]
[WhiteElo "1952"]
[BlackElo "1992"]

1. e4 c6 2. d4 d5 3. exd5 cxd5 4. Nf3 Nf6 5. c4 e6 6. Nc3 Nc6 7. c5 a6 8. h3 Be7
9. Bf4 h6 10. Be2 O-O 11. O-O Bd7 12. a3 Rc8 13. b4 Re8 14. Re1 Nh7 15. Bf1 Bf6
16. Rb1 Nf8 17. a4 Ng6 18. Bd6 Be7 19. Bg3 Bf6 20. b5 Nb8 21. c6 bxc6 22. bxa6
Nxa6 23. Bxa6 Ra8 24. Bd3 Ne7 25. Ne5 Bxe5 26. Bxe5 Qa5 27. Qb3 Reb8 28. Bxb8
1-0

[Event "AUTO-MASTER-1660"]
[Site "http://www.queenalice.com/game.php?id=1064014"]
[Date "2012.5.25"]
[Round "1"]
[White "msbasso01"]
[Black "luciopac"]
[Result "0-1"]
[WhiteElo "1983"]
[BlackElo "2144"]

1. e4 d5 2. exd5 Qxd5 3. Nc3 Qa5 4. Bc4 Nf6 5. Nf3 Bg4 6. d3 c6 7. Bd2 Qc7 8. h3
Bh5 9. Qe2 e6 10. a3 Bd6 11. Bb3 Nbd7 12. Be3 Ne5 13. O-O-O Nxf3 14. gxf3 O-O
15. Rdg1 Nd5 16. Bh6 Bg6 17. Bd2 Nf4 18. Qe1 Bxd3 19. Kb1 Bg6 20. h4 Nh5 21. Ne4
Bf4 22. Bc3 Rad8 23. Qe2 b6 24. Rg2 Be5 25. Rg5 Bxc3 26. Nxc3 Qf4 27. Rg4 Qd2
28. Qe5 Qd6 29. Qe3 Nf6 30. Rg5 Qd4 31. Qe1 Nh5 32. Ne4 Rfe8 33. Rhg1 a5 34.
R5g4 a4 35. Ng3 Nf4 36. Ba2 h5 37. Rg5 Nh3 38. Ne2 Qd2 39. Rxg6 Qxe1+ 40. Rxe1
fxg6 41. Ng3 Kf7 42. Bc4 b5 43. Bd3 Nf4 44. Be4 Rd6 45. Ka2 Red8 46. Re3 c5 47.
b3 axb3+ 48. Kxb3 Rd2 49. Rc3 c4+ 50. Kb4 Nd5+ 51. Bxd5 R8xd5 52. Ne4 Rd1 53.
Ka5 Rb1 54. Ka6 Ke7 55. Kb6 b4 56. axb4 Rxb4+ 57. Kc6 Rb8 58. Ra3 Rd7 59. Re3
Rdd8 60. Ng5 Rdc8# 0-1

[Event "AUTO-MASTER-1660"]
[Site "http://www.queenalice.com/game.php?id=1064029"]
[Date "2012.5.25"]
[Round "1"]
[White "msbasso01"]
[Black "Laramor"]
[Result "1-0"]
[WhiteElo "1960"]
[BlackElo "2133"]

1. e4 c5 2. Nc3 d6 3. Nf3 Nf6 4. Bc4 e6 5. d3 a6 6. a3 Be7 7. Bf4 Nc6 8. O-O O-O
9. h3 b5 10. Ba2 Qc7 11. Bh2 Bb7 12. Qd2 Rac8 13. Rac1 Nd7 14. Ne2 e5 15. Ng3 g6
16. Qh6 Nd4 17. Ng5 Bxg5 18. Qxg5 c4 19. dxc4 bxc4 20. c3 Ne6 21. Qg4 1-0

[Event "AUTO-MASTER-1660"]
[Site "http://www.queenalice.com/game.php?id=1064030"]
[Date "2012.5.25"]
[Round "1"]
[White "Laramor"]
[Black "msbasso01"]
[Result "1-0"]
[WhiteElo "2096"]
[BlackElo "2020"]

1. Nf3 d5 2. d4 Nf6 3. c4 c6 4. Nc3 Bf5 5. cxd5 cxd5 6. Qb3 Qd7 7. Ne5 Qc7 8. e4
dxe4 9. Bb5+ Nbd7 10. Qxf7+ Kd8 11. Bf4 Bg6 12. Nxg6 hxg6 13. Bxc7+ 1-0

[Event "AUTO-MASTER-1660"]
[Site "http://www.queenalice.com/game.php?id=1064031"]
[Date "2012.5.25"]
[Round "1"]
[White "msbasso01"]
[Black "elijose"]
[Result "1-0"]
[WhiteElo "1943"]
[BlackElo "1957"]

1. e4 e6 2. d4 d5 3. Nd2 c5 4. Ngf3 Nc6 5. exd5 exd5 6. Bb5 Bd7 7. dxc5 Bxc5 8.
O-O Nf6 9. Nb3 Be7 10. h3 a6 11. Bd3 O-O 12. Bg5 Qc7 13. Re1 h6 14. Bh4 Rae8 15.
Qd2 Bd6 16. Bxf6 Bf4 17. Qc3 1-0

[Event "AUTO-MASTER-1660"]
[Site "http://www.queenalice.com/game.php?id=1064032"]
[Date "2012.5.25"]
[Round "1"]
[White "elijose"]
[Black "msbasso01"]
[Result "0-1"]
[WhiteElo "1975"]
[BlackElo "1925"]

1. d4 Nf6 2. e3 d5 3. Nf3 Bf5 4. Bd3 Bxd3 5. Qxd3 e6 6. O-O c6 7. Nbd2 Nbd7 8.
c3 Bd6 9. Re1 O-O 10. e4 dxe4 11. Nxe4 Nxe4 12. Qxe4 Nf6 13. Qc2 h6 14. a3 Qc7
15. h3 Rad8 16. Be3 Nd5 0-1